| 000 | 00396nam a2200157Ia 4500 | ||
|---|---|---|---|
| 003 | OSt | ||
| 005 | 20230526105119.0 | ||
| 008 | 211028s2017 xx 000 0 und d | ||
| 040 | _cAIMIT LIBRARY | ||
| 041 | _aeng | ||
| 100 |
_aJanavi, P; Srinivas, B L. _98694 _e151912 |
||
| 110 |
_aSrinivas B L _98695 |
||
| 245 | _aService management portal. | ||
| 260 |
_aMangalore _c2017 |
||
| 942 |
_2ddc _cPRO |
||
| 999 |
_c220016 _d220016 |
||